LEADER 02167nam0 22003973i 450 001 RML0461295 005 20251003044341.0 010 $a9788836230228 100 $a20230109d2020 ||||0itac50 ba 101 | $aita 102 $ait 181 1$6z01$ai $bxxxe 182 1$6z01$an 183 1$6z01$anc$2RDAcarrier 200 1 $aBiochimica clinica e medicina di laboratorio$fMarcello Ciaccio, Giuseppe Lippi 205 $a3. ed 210 $aNapoli$cEdiSES$d2020 215 $aXXVI, 609 p.$cill.$d27 cm 500 10$aBiochimica clinica e medicina di laboratorio$3USM2011268$9CFIV180209$91823704 606 $aBiologia molecolare$2FIR$3CFIC004350$9E 606 $aBiochimica$2FIR$3PUVC014075$9E 676 $a574.19296$9BIOCHIMICA. BIOSINTESI PROTEICA$v23 676 $a660.63$9INGEGNERIA BIOCHIMICA$v23 696 $aChimica biologica$aChimica fisiologica 699 $aBiochimica$zChimica biologica 699 $aBiochimica$zChimica fisiologica 700 1$aCiaccio$b, Marcello$3CFIV180209$0756235 701 1$aLippi$b, Giuseppe$f <1967- >$3PUVV453782$0817736 801 3$aIT$bIT-000000$c20230109 850 $aIT-BN0095 901 $bNAP 01$cBCA $nComprende monografie e periodici di diritto, testi di ingegneria, di scienze e tecnologia di nuova acquisizione. 912 $aRML0461295 950 0$aBiblioteca Centralizzata di Ateneo$b1 v. in quattro copie$c1 v. in quattro copie$d 01BCA SC. TECNOL 20$e 01 0000123765 VMA (quater 1 v. (4. copia)$fA $h20230807$i20230807$b1 v. in quattro copie$c1 v. in quattro copie$d 01BCA SC. TECNOL 20$e 01 0000002255 VMA A4 1 v.$fB $h20210625$i20210625$b1 v. in quattro copie$c1 v. in quattro copie$d 01BCA SC. TECNOL 20$e 01 0000078885 VMA (bis 1 v. (2. copia)$fA $h20211129$i20211129$b1 v. in quattro copie$c1 v. in quattro copie$d 01BCA SC. TECNOL 20$e 01 0000078895 VMA (ter 1 v. (3. copia)$fA $h20211129$i20211129 977 $a 01 996 $aBiochimica clinica e medicina di laboratorio$91823704 997 $aUNISANNIO